| 000 | 00705nam a22002417a 4500 | ||
|---|---|---|---|
| 005 | 20170124110034.0 | ||
| 010 | _aA-550234 | ||
| 020 | _c00.00 | ||
| 035 | _aA-550234 | ||
| 037 | _bCen Lib/Ret | ||
| 040 |
_aDPL _bEN |
||
| 082 |
_a300.21 _bGOO |
||
| 100 |
_aGoon, A.M. _922330 |
||
| 245 |
_aStatistics for the social science / _cby A.M.Goon [and] A.B.Aich |
||
| 260 |
_aCalcutta _bThe World Press _c1991 |
||
| 270 |
_a37-A,College Street _bCalcutta _e700073 |
||
| 300 |
_a140p. _c20m(Hb) |
||
| 500 | _aIncludes index | ||
| 650 |
_aStatistics _97952 |
||
| 650 |
_aSocial sciences--Statistical methods _922331 |
||
| 700 |
_921947 _aAich, A.B |
||
| 942 |
_2ddc _cEN _h300.21 _mGOO |
||
| 999 |
_c128074 _d128074 |
||